DFB-Pokal - Bundesligisten, die am meisten in der 1. Runde scheiterten - Statistiken

Allgemein
  • Dieses Quiz wurde 100 mal gespielt
  • Das Durchschnittsergebnis liegt bei 18 aus 22
Antwortstatistiken
Anzahl Mannschaft % Korrekt
8 Borussia Dortmund
93%
13 SV Werder Bremen
91%
8 1. FC Köln
90%
8 Eintracht Frankfurt
90%
12 Hamburger SV
90%
5 FC Schalke 04
89%
7 VfL Bochum
89%
8 Hannover 96
88%
6 Bayer 04 Leverkusen
87%
10 VfB Stuttgart
86%
5 1. FC Nürnberg
84%
4 1. FSV Mainz 05
84%
6 Hertha BSC
84%
7 Borussia Mönchengladbach
82%
7 1. FC Kaiserslautern
80%
4 FC Augsburg
79%
7 Eintracht Braunschweig
78%
5 DSC Arminia Bielefeld
76%
5 FC St. Pauli
70%
4 MSV Duisburg
62%
5 Rot-Weiss Essen
59%
4 Kickers Offenbach
43%
Keine übereinstimmenden Quizze gefunden
Verteilung der Resultate
Anzahl Personen mit jedem Resultat
Perzentil nach korrekt beantworteten Fragen
Ihre Resultats-Entwicklung
Sie haben dieses Quiz noch nicht gespielt